00298nam a2200121Ia 4500008004100000100003400041245002600075260002800101300000900129650001400138942000700152999001700159190216s9999||||xx |||||||||||||| ||und|| aChirackal T Balakrishnan Nair 0aKeralabhasha Ganangal bKerala Basha Instc1969 a472p aKavithkal cBK c25365d25365